Fish passes: Design, dimensions and monitoring
में बचाया:
| स्वरूप: | पुस्तक |
|---|---|
| भाषा: | Undetermined |
| प्रकाशित: |
Rome, Italy
FAO
2002
|
| विषय: | |
| टैग : |
टैग जोड़ें
कोई टैग नहीं, इस रिकॉर्ड को टैग करने वाले पहले व्यक्ति बनें!
|
| Thư viện lưu trữ: | Trung tâm Học liệu Trường Đại học Cần Thơ |
|---|
| LEADER | 00405nam a2200145Ia 4500 | ||
|---|---|---|---|
| 001 | CTU_55906 | ||
| 008 | 210402s9999 xx 000 0 und d | ||
| 082 | |a 639.977 | ||
| 082 | |b F532 | ||
| 245 | 0 | |a Fish passes: Design, dimensions and monitoring | |
| 260 | |a Rome, Italy | ||
| 260 | |b FAO | ||
| 260 | |c 2002 | ||
| 650 | |a fishways,fishery management | ||
| 980 | |a Trung tâm Học liệu Trường Đại học Cần Thơ | ||